[Event "St Chely d'Aubrac op 9th"]
[Site "St Chely d'Aubrac"]
[Date "2009.07.15"]
[Round "6"]
[White "Kirchhoff, Matthieu"]
[Black "Stritmatter, Pierre"]
[Result "1-0"]
[WhiteElo "1510"]
[BlackElo "1380"]
[PlyCount "79"]
[EventDate "2009.07.11"]
[EventType "swiss"]
[EventRounds "9"]
[EventCountry "FRA"]
[SourceTitle "EXT 2010"]
[Source "ChessBase"]
[SourceDate "2010.11.25"]
[SourceVersion "1"]
[SourceVersionDate "2010.11.25"]
[SourceQuality "1"]

1. d4 Nf6 2. c4 d5 3. e3 Nc6 4. Nc3 e5 5. Nf3 Bg4 6. Be2 Bxf3 7. Bxf3 e4 8. Be2 Be7 9. 0-0 0-0 10. b3 b6 11. Bb2 Bd6 12. Nb5 Ne7 13. Nxd6 Qxd6 14. Qc1 c5 15. Ba3 Rac8 16. Qd2 Nd7 17. Bg4 f5 18. Be2 f4 19. exf4 Qxf4 20. Qxf4 Rxf4 21. g3 Rf7 22. Rad1 Nf5 23. dxc5 Nxc5 24. Rxd5 e3 25. g4 Nd4 26. Rxd4 Ne6 27. Re4 exf2+ 28. Rxf2 Ng5 29. Re3 Rd7 30. Rf5 h6 31. h4 g6 32. Rfe5 Nf7 33. Re8+ Rxe8 34. Rxe8+ Kg7 35. Bf8+ Kh7 36. a3 a5 37. c5 bxc5 38. Bxc5 Nd6 39. Re6 Kg7 40. Bxd6 1-0